000 00332nam a22001217a 4500
008 230703b xxu||||| |||| 00| 0 eng d
082 _a352.13
_bROK
100 _cRepublic of Kenya
245 _aPay Policy for the Public Service
_bdirectorate of Personnel Management
260 _aKenya
_bGOK
_c2006
300 _a31p
942 _2ddc
_cBK
999 _c3262
_d3262